| 000 -LEADER |
| fixed length control field |
01019nam a2200265Ia 4500 |
| 001 - CONTROL NUMBER |
| control field |
7924 |
| 003 - CONTROL NUMBER IDENTIFIER |
| control field |
GE_BSU |
| 005 - DATE AND TIME OF LATEST TRANSACTION |
| control field |
20221003112116.0 |
| 008 - FIXED-LENGTH DATA ELEMENTS--GENERAL INFORMATION |
| fixed length control field |
181216s2012ru xx |||||||||||||| ||rus|| |
| 020 ## - INTERNATIONAL STANDARD BOOK NUMBER |
| International Standard Book Number |
9785756706734 |
| 040 ## - CATALOGING SOURCE |
| Transcribing agency |
GE_BSU |
| 041 ## - LANGUAGE CODE |
| Language code of text/sound track or separate title |
rus |
| 080 ## - UNIVERSAL DECIMAL CLASSIFICATION NUMBER |
| Universal Decimal Classification number |
327.1(075.8) И-90 |
| 100 ## - MAIN ENTRY--PERSONAL NAME |
| Personal name |
Дубинин,Ю.А. |
| 9 (RLIN) |
14945 |
| 245 ## - TITLE STATEMENT |
| Title |
История международных отношений : |
| Remainder of title |
Т.3. Ялтинско-Потсдамская система / |
| Statement of responsibility, etc. |
Ю.А. Дубинин, Б.Ф. Мартынов, Ред. Ю.А. Дубинин, |
| 264 ## - PRODUCTION, PUBLICATION, DISTRIBUTION, MANUFACTURE, AND COPYRIGHT NOTICE |
| Place of production, publication, distribution, manufacture |
Москва : |
| Name of producer, publisher, distributor, manufacturer |
Аспект Пресс, |
| Date of production, publication, distribution, manufacture, or copyright notice |
2012. |
| 300 ## - PHYSICAL DESCRIPTION |
| Extent |
552 стр: |
| Dimensions |
24 см. |
| 653 ## - INDEX TERM--UNCONTROLLED |
| keyword |
История международных оношении |
| 653 ## - INDEX TERM--UNCONTROLLED |
| keyword |
Политика |
| 653 ## - INDEX TERM--UNCONTROLLED |
| keyword |
Ялтинско-Потсдамская система |
| 653 ## - INDEX TERM--UNCONTROLLED |
| keyword |
პოლიტიკა |
| 700 ## - ADDED ENTRY--PERSONAL NAME |
| Personal name |
Мартынов,Б.Ф. |
| 9 (RLIN) |
14946 |
| 700 ## - ADDED ENTRY--PERSONAL NAME |
| Personal name |
Дубинин,Ю.А. |
| Relator term |
რედაქტორი |
| 9 (RLIN) |
14945 |
| 942 ## - ADDED ENTRY ELEMENTS (KOHA) |
| Koha item type |
წიგნი |
| Source of classification or shelving scheme |
|